| 000 | 00523nam a2200181 4500 | ||
|---|---|---|---|
| 001 | 144851 | ||
| 003 | ES-MaACL | ||
| 005 | 20250814063243.0 | ||
| 007 | t| | ||
| 008 | 070214s1972 sp r ||||1| spa d | ||
| 100 | 1 |
_aSimenon, Georges, _d1903-1989 _9106467 |
|
| 245 | 1 | 3 |
_aEl tren / _cGeorges Simenon ; versión de B. Losada. |
| 260 |
_aBarcelona : _bLuis de Caralt, _c1972. |
||
| 300 |
_a188 p. ; _c18 cm. |
||
| 700 | 1 |
_aLosada, B. _974250 |
|
| 852 |
_aES-MaACL _jC-52216 _bR.84002 |
||
| 999 |
_c144851 _d144851 |
||